000 00681nam a22002177a 4500
003 UA-OsUOA
001 136743
007 ta
008 20190408b un ||||| |||| 00| 0 ukr d
100 _aТерещенко Ю.
090 _a94(477)
_bТ35
942 _cSA
040 _aUA-OsUOA
_bukr
_cUA-OsUOA
_dUA-OsUOA
245 _aСвидригайло Ольгердович - лідер українсько-білоруської партії у Великому князівстві Литовському
300 _aС.21
955 _a0
041 _aukr
080 _a94(477)
773 0 _w136742
650 7 _a9 Географія. Біографії. Історія
_2UDC
999 _c419513
_d419513